| 000 | 00657nam a22002417a 4500 | ||
|---|---|---|---|
| 003 | OSt | ||
| 005 | 20140311161020.0 | ||
| 008 | 130206t xxu||||| |||| 00| 0 eng d | ||
| 020 | _a9712337243 | ||
| 050 |
_aHF 5549.2.P6 _b.Si83 2003 |
||
| 100 | _aSimon, Perfecto S. | ||
| 245 |
_aPersonnel management in the 21st century / _crevised by Ranulfo P. Payos and Orlando S. Zorilla |
||
| 250 | _a7th ed. | ||
| 260 |
_aManila : _bRex Book Store, _c2003. |
||
| 300 |
_a218 p. : _c26 cm. _bill. ; |
||
| 521 | _aBSBA | ||
| 562 | _e3 | ||
| 650 | _a1. Personnel Management. | ||
| 942 |
_2lcc _cBK _kLOC |
||
| 999 |
_c17951 _d17951 |
||